000 01394cas a22002535a 4500
001 L153368
008 110718c2008 xxkar eng u
035 _a(Sirsi) u153368
041 0 _aeng
050 _a333.33 $2 18
110 2 _aCushman & Wakefield
_95888
245 0 0 _aBusiness briefing
_bGreat Britain capital markets office and industrial overview
_h[electronic resource]
260 _aLondon
_bCushman & Wakefield
_c2008-
362 0 _aQ3 2008-
490 0 _aCushman & Wakefield Business Briefing Great Britain Capital Markets Office and Industrial Overview
520 _aProvides the fullest insight into the most recent capital market activity and an analysis of the current trends (excluding central London): market summary, regional map, overview, and assessment by region.
554 _aAnnual
650 2 4 _aCUSHMAN & WAKEFIELD BUSINESS BRIEFING GREAT BRITAIN CAPITAL MARKETS OFFICE AND INDUSTRIAL OVERVIEW
651 4 _aUnited Kingdom
_y
690 _aPROPERTY-COMMERCIAL PROPERTY-COMMERCIAL PROPERTY FINANCE AND INVESTMENT
690 _aPROPERTY-COMMERCIAL PROPERTY-COMMERCIAL PROPERTY MARKET
856 4 0 _uhttps://www.cushwake.com/cwglobal/jsp/kcGlobalReportArchive.jsp?Country=GLOBAL&Language=EN&catId=100001&sector=ALL
_zView the business briefing free of charge after registration (scroll through page links for earlier issues) at www.cushwake.com
942 _n0
999 _c119334
_d119334